header

Retinal detachment (Record no. 66314)

MARC details
000 -LEADER
fixed length control field 01710nam a2200385Ia 4500
100 1# - MAIN ENTRY--AUTHOR NAME
Personal name Brinton, Daniel A.,
245 10 - TITLE STATEMENT
Title Retinal detachment
250 ## - EDITION STATEMENT
Edition statement 3rd ed.
260 ## - PUBLICATION, DISTRIBUTION, ETC. (IMPRINT)
Place of publication Oxford ;
-- New York :
Name of publisher Oxford University Press ;
Place of publication [San Francisco, Calif.] :
Name of publisher In cooperation with the American Academy of Ophthalmology,
Year of publication 2009.
300 ## - PHYSICAL DESCRIPTION
Number of Pages xviii, 258 p. :
Other physical details ill. (some col.).
490 1# - SERIES STATEMENT
Series statement Ophthalmology monographs ;
500 ## - GENERAL NOTE
General note Rev. ed. of: Retinal detachment / George F. Hilton, Edward B. McLean, Daniel A. Brinton. 2nd ed. c1995.
650 #0 - SUBJECT ADDED ENTRY--TOPICAL TERM
Topical Term Retinal detachment.
Topical Term Retinal detachment
700 1# - ADDED ENTRY--PERSONAL NAME
Personal name Wilkinson, C. P.
Personal name Hilton, George F.
856 40 - ELECTRONIC LOCATION AND ACCESS
Uniform Resource Identifier http://site.ebrary.com/lib/rucke/Doc?id=10300119

No items available.

© 2026 Rongo University
Contact us: librarian | system librarian | Rongo university